| 000 | 00486nam a22001817a 4500 | ||
|---|---|---|---|
| 005 | 20251108175246.0 | ||
| 008 | 250721s1996 xx 000 0 ara d | ||
| 082 | 1 | 4 | _a330.9/أوض |
| 100 | 1 | _aحجاج، علي حسين | |
| 245 | 1 | 0 | _aأوضاع العالم 1994 / |
| 246 | 1 | 1 | _astate of the world |
| 264 | 1 |
_aعمان : _bدار البشير، _c1996. |
|
| 300 | _a400 ص. | ||
| 650 | 1 | 7 | _aالتاريخ |
| 650 | 1 | 7 | _aالإقتصاد |
| 942 |
_2ddc _cBK |
||
| 999 |
_c129925 _d129925 |
||